Náročné úlohy splnené

Bibliographic Details
Main Author: Rešovský, Jozef, 1934-1990 (Author)
Format: Article
Language:Slovak
Subjects:

MARC

LEADER 00000nab a2200000 a 4500
001 vtls000050144
003 SK-MaSNL
005 20260304223045.0
008 250422c1980 xo 0 slo
015 |a SNBRB19rr/mm-uuuuu 
035 |a CL0060241 
035 |a urn:nbn:sk:snk-abb8hg 
035 |a (urnnbn)urn:nbn:sk:snk:ar-000n72 
035 |a (uuid)4e9a64cf-f09d-4b3b-a8e1-d6c8b49cbde5 
040 |a SNKBUCL  |b slo  |c SNKBUCL  |e AACR2 
041 0 |a slo 
044 |a xo  |c SK 
080 |a 027.54(437.6 Prešov)  |2 1981 
100 1 |a Rešovský, Jozef,  |d 1934-1990  |4 aut  |9 175551 
245 1 0 |a Náročné úlohy splnené  |c Jozef Rešovský 
610 2 7 |a Štátna vedecká knižnica v Prešove  |2 snkbucl  |9 252340 
655 7 |a články z novín a časopisov  |2 snkbucl  |9 267496 
773 0 |t Čitateľ  |g Roč. 29, č. 1 (1980), s. 33 
850 |a Slovenská národná knižnica 
852 |a Slovenská národná knižnica 
954 |a odborná, vedecká literatúra pôvodná (slovenská)  |2 lita 
957 |a 5407 
958 |a article15 
958 |a OND 
958 |a RK 
958 |a KL 
958 |a EUIPO 
992 |a RBX 
999 |c 3166159  |d 3168089